Statistics for Protestant countries

Click here to take the quiz!

General Stats

  • This quiz has been taken 3,575 times
    (3,567 since last reset)
  • The average score is 37 of 62

Answer Stats

PercentageCountry% Correct
60%United Kingdom
98%
55%United States
98%
38%Germany
94%
86%Sweden
94%
29%Canada
93%
90%Norway
93%
85,1%Finland
90%
91%Denmark
89%
33%Netherlands
84%
91%Iceland
81%
47%New Zealand
81%
68%South Africa
80%
49%Switzerland
78%
38%Austria
69%
52%Estonia
68%
50%Latvia
68%
60%Jamaica
64%
26,5%Nigeria
64%
68%Namibia
62%
33MZimbabwe
61%
76%Bahamas
60%
83%Saint Kitts and Nevis
59%
67%Barbados
58%
30%Belize
58%
20%Congo
58%
27%Zambia
58%
41%Botswana
57%
61,5%Papua New Guinea
57%
77%Saint Vincent and the Grenadines
57%
42,4%Fiji
56%
20%Lesotho
56%
33%Ghana
55%
24,6%Trinidad and Tobago
55%
35%Uganda
54%
86%Antigua and Barbuda
53%
38%Guyana
53%
73%Tonga
53%
55%Marshall Islands
52%
30%Grenada
51%
24%Hungary
51%
98,4%Tuvalu
51%
22%Mozambique
50%
66%Nauru
50%
25%Palau
50%
43,9%Rwanda
50%
47%Federated States of Micronesia
49%
66%Swaziland
49%
20%Cameroon
48%
22%Suriname
48%
20%Liberia
46%
35,5%Malawi
46%
16%Haiti
45%
25%Madagascar
45%
20%Gabon
42%
18,1%South Korea
40%
23%Honduras
39%
33%Guatemala
37%
18%Costa Rica
36%
16,1%Nicaragua
36%
21,2%El Salvador
35%
29%Venezuela
26%
16%Bolivia
22%

Score Distribution

Percentile by Number Answered

Percent of People with Each Score

Your Score History

You have not taken this quiz since the last reset